000 00594cam a22002171 4500
001 sa 68016426
003 DLC
005 20260227112654.0
008 720718s1960 xx 000 0 ind
010 _asa 68016426
035 _a(OCoLC)359316
040 _aDLC
_cOAU
_dDLC
042 _apremarc
050 0 0 _aN7325
_b.S2
100 1 _aSastrowardoyo, Subagio,
_d1924-
245 1 0 _aAdakah perkembangan seni modern wadjar?
260 _aJogjakarta,
_bUniversitas Gadja Mada
_c[196-?]
300 _a20 p.
_c24 cm.
500 _aCover title.
650 0 _aArt, Indonesian
_xWestern influences.
999 _c87090
_d87090